Curso superior de sintaxis española
Kaydedildi:
| Yazar: | |
|---|---|
| Materyal Türü: | Kitap |
| Dil: | Undetermined |
| Baskı/Yayın Bilgisi: |
Barcelona
Bibliograf
1978
|
| Edisyon: | 12 |
| Konular: | |
| Etiketler: |
Etiketle
Etiket eklenmemiş, İlk siz ekleyin!
|
MARC
| LEADER | 00000nam a2200000Ia 4500 | ||
|---|---|---|---|
| 008 | 170316s9999 xx 000 0 und d | ||
| 090 | |a 415-E G-5c | ||
| 100 | |a Gili y Gaya, Samuel | ||
| 245 | |a Curso superior de sintaxis española | ||
| 250 | |a 12 | ||
| 260 | |a Barcelona | ||
| 260 | |b Bibliograf | ||
| 260 | |c 1978 | ||
| 300 | |a 347 páginas | ||
| 650 | |a GRAMÁTICA ESPAÑOLA | ||
| 999 | |c 18962 |d 18962 | ||
| 040 | |a cru BVZT | ||
| 942 | |c 15 D |h 415-E G-5c |2 z | ||
